000 00621nam a22001695i 4500
001 161038
003 ES-MaACL
005 20230906212201.0
008 010727s1895 sp |||| | spa d
040 _aCCPB | B
_bspa
_cCCPB | B
100 1 _aOrdax Avecilla, Federico.
_9130668
245 1 0 _aCuba
_b: antecedentes, reformas y estado actual /
_cpor Federico Ordax.
260 _aMadrid :
_b[s.n.],
_c1895 (
_fimprenta de Diego Pacheco Latorre)
300 _a28 p. ;
_c17 cm.
651 4 _aCuba-
_xHistoria.
_98094
852 _aES-MaACL
_jT-878-F-5
_z-- Enc. hol. conservando la cub. original
_z-- Enc. en un vol. facticio
999 _c161038
_d161038